000 01075nam a22003257a 4500
003 DO-SdBNP
005 20220310093158.0
008 171121b2002 sp |||| 00| 0 spa d
020 _a8497150287
040 _aBPMSU
_bspa
_cBPMSU
082 _a291.4
_bL929d 2002
_222
092 _axxxx
_bxxxx
100 1 _aLubich, Chiara,
_d1920-2008.
245 1 0 _a La doctrina espiritual /
_c Chiara Lubich ; preparado por Michel Vandeleene ; con introducciones de Piero Coda y Jesús Castellano.
260 _aMadrid :
_bCiudad Nueva,
_c2002
300 _a480 p. ;
_c23 cm.
490 0 _aEspiritualidad. Una espiritualidad para nuestro tiempo
534 _aTítulo original :
_tLa dottrina spirituale.
650 4 _aEspiritualidad.
650 4 _aVida espiritual.
650 4 _aVida cristiana.
650 4 _aInterpretación de la biblia.
700 1 _aVandeleene, Michel.
700 1 _aCoda, Piero.
700 1 _aCastellano, Jesús.
910 _aVMateo V.
942 _2ddc
_cBK
945 _ainventariado extranjero / DG
956 _aLOPEREZ
_b10
_c20171121
_h0041
_iBPMSU
999 _c14057
_d14057